000 01715cam a22004094i 4500
003 PE-LiUPU
005 20250731175622.0
008 150623s r 000 0 d
035 _a(Sirsi) a20812
040 _aPE-LiUPU
_bspa
_cPE-LiUPU
_erda
082 0 4 _a498.51
_bC26
_221
100 1 _aCarranza Romero, Francisco,
_d1946-,
_eautor.
245 1 0 _aResultados lingüísticos del contacto quechua y español /
_cFrancisco Carranza Romero.
264 1 _aTrujillo, Perú :
_bLiberad,
_c1993.
300 _a374 páginas ;
_c23 cm.
336 _atext
_2rdacontent
337 _aunmediated
_2rdamedia
338 _avolume
_2rdacarrier
504 _aIncluye bibliografía.
505 0 _aLengua quechua. -Estudio lingüístico. -Actitudes de los hablantes ante el quechua y el español.
526 _aP145
526 _aP127
526 _aP97
526 _aP35
526 _aP14
526 _aP07
650 0 4 _aQuechua
_xLingüística.
650 0 4 _aQechua
_xGramática.
942 _2ddc
_cBOOK
949 _a498.51 C26
_wDEWEY
_c1
_i44331
_lCCODEBUL1
_mBUL
_p00.00
_r0
_sY
_tBOOK
_u2015-06-24
_xEDUCACION
_zUNKNOWN
_0COMPRA
_o.STAFF. Colección General
949 _a498.51 C26
_wDEWEY
_c2
_i35703
_lCCODEBUL1
_mBUL
_p00.00
_r0
_sY
_tBOOK
_u2015-06-24
_xEDUCACION
_zUNKNOWN
_0COMPRA
_o.STAFF. Colección General
596 _a1
999 _a498.51 C26
_wDEWEY
_c21210
_i44331
_f2021-11-8
_g5
_lCCODEBUL1
_mBUL
_r0
_sN
_tBOOK
_u2015-6-24
_xEDUCACION
_zUNKNOWN
_0COMPRA
_o.STAFF. Colección General
_d21210
999 _a498.51 C26
_wDEWEY
_c2
_i35703
_f2021-11-8
_g5
_lCCODEBUL1
_mBUL
_r0
_sN
_tBOOK
_u2015-6-24
_xEDUCACION
_zUNKNOWN
_0COMPRA
_o.STAFF. Colección General
980 _81
_gALBERTO SANCHEZ Responsable de Automatización